| Tag |
First Indicator |
Second Indicator |
Subfields |
| LEADER |
00000cam a2200000 4500 |
| 001 |
in00000142018 |
| 005 |
20151002071742.0 |
| 008 |
800324s1909 maua 00011 enge |
| 010 |
|
|
|a 09029779
|
| 035 |
|
|
|a (OCoLC)06122554
|
| 035 |
|
|
|9 AAQ1925AM
|
| 040 |
|
|
|a DLC
|c TXA
|d UtOrBLW
|
| 049 |
|
|
|a TXAS
|c [1101263]
|
| 050 |
0 |
0 |
|a PZ3.J7125
|b C
|
| 100 |
1 |
|
|a Jones, Claude Perry,
|d 1870-
|
| 245 |
1 |
4 |
|a The countersign :
|b a story of Tibet /
|c [by] Claude P. Jones.
|
| 264 |
|
1 |
|a Boston :
|b R.G. Badger,
|c 1909.
|
| 300 |
|
|
|a 305 pages :
|b illustrations ;
|c 20 cm.
|
| 336 |
|
|
|a text
|b txt
|2 rdacontent
|
| 337 |
|
|
|a unmediated
|b n
|2 rdamedia
|
| 338 |
|
|
|a volume
|b nc
|2 rdacarrier
|
| 500 |
|
|
|a Issued in 1907 under title: Banduk jaldi banduk! (Quick, my rifle). (New York, Courtland Pub. Co.).
|
| 999 |
|
|
|a MARS
|
| 999 |
f |
f |
|s a7494d40-ce7b-37ca-a215-df7477e752d2
|i 840266e5-510b-3997-9d22-930e495f9b97
|t 0
|
| 952 |
f |
f |
|p noncirc
|a Texas A&M University
|b College Station
|c Cushing Memorial Library & Archives
|d Cushing: Science Fiction (Does not check out)
|t 0
|e PZ3.J7125 C
|h Library of Congress classification
|i unmediated -- volume
|m A14800417262
|
| 998 |
f |
f |
|a PZ3.J7125 C
|t 0
|l Cushing: Science Fiction (Does not check out)
|